000 00508nam a22001697a 4500
005 20260109122108.0
008 260109b |||||||| |||| 00| 0 eng d
020 _a978-81-7075-099-4
100 _aBOURCHTEIN, ANDREI
245 _aCOMPLEX ANALYSIS
260 _aDELHI
_bHINDUSTAN PUBLISHING
_c2020
300 _aVII, 302P.
500 _aBIBLIGRAPHY P. 295-296 INCLUDES INDEX
650 _a1. FUNCTIONS OF COMPLEX VARIABLES 2. MATHEMATICAL ANALYSIS
700 _aBOURCHTEIN, LUDMILA
942 _2lcc
_cBK
999 _c216441
_d216441